Trece casos misteriosos
Guardat en:
| Autors principals: | , |
|---|---|
| Format: | Llibre |
| Idioma: | espanyol |
| Publicat: |
Santiago
Ediciones SM
2016
|
| Edició: | 3a. ed |
| Col·lecció: | El Barco de Vapor
|
| Matèries: | |
| Etiquetes: |
Afegir etiqueta
Sense etiquetes, Sigues el primer a etiquetar aquest registre!
|
MARC
| LEADER | 00000cam a2200000 a 4500 | ||
|---|---|---|---|
| 001 | UCD7615 | ||
| 003 | CL-VaPUC | ||
| 008 | 170331e20160000cl |||||||||||||||||spa|d | ||
| 020 | |a 9789563496581 | ||
| 082 | 0 | 4 | |a Ch863 |b BAL |2 21 |
| 100 | 0 | |a Balcells Aboitiz, Jacqueline |e author |9 591621 | |
| 700 | |a Güiraldes, Ana María |e author |9 571895 | ||
| 245 | 1 | 0 | |a Trece casos misteriosos |
| 250 | |a 3a. ed | ||
| 300 | |a 169 p | ||
| 942 | |c BK | ||
| 945 | |d 20170331 00:58:00 |a dcastane | ||
| 260 | |a Santiago |b Ediciones SM |c 2016 | ||
| 500 | |a Ilustraciones de Leo Ríos | ||
| 650 | 0 | |a Cuentos chilenos |9 308280 | |
| 650 | 0 | |a Literatura chilena |9 308278 | |
| 583 | |a last modification |c 20170331 00:58:00 |k Rodrigo Vera | ||
| 490 | 0 | |a El Barco de Vapor | |
| 999 | |c 367591 |d 367589 | ||
| 952 | |0 0 |1 0 |3 erb |4 0 |6 CH_863_000000000000000_BAL_2016 |7 0 |8 A |9 482571 |a BIBEDU |b BIBEDU |i 5371015 |o Ch863 BAL 2016 |p 5371015 |r 2019-11-24 |w 2019-11-24 |y BK |z Catalogado en:20170331 |k PAR | ||
| 952 | |0 0 |1 0 |3 erb |4 0 |6 CH_863_000000000000000_BAL_2016 |7 0 |8 A |9 482572 |a BIBEDU |b BIBEDU |i 5371007 |o Ch863 BAL 2016 |p 5371007 |r 2019-11-24 |w 2019-11-24 |y BK |z Catalogado en:20170331 |k PAR | ||